| 000 | 00567nam a2200169 4500 | ||
|---|---|---|---|
| 001 | 110174 | ||
| 003 | ES-MaACL | ||
| 005 | 20230906185005.0 | ||
| 007 | t| | ||
| 008 | 061121s1931 sp r ||||1| spa d | ||
| 100 | 1 |
_aOcaña Jiménez, Manuel. _986460 |
|
| 245 | 1 | 0 |
_aCapiteles de la residencia califa de Medinat-Az-Zahra _b: Estudio de sus inscripciones / _cManuel Ocaña Jiménez. |
| 260 |
_aCórdoba : _b[s.n.], _c1933 ( _fTip. Artística) |
||
| 300 |
_a16 p. ; _c24 cm. |
||
| 651 | 4 |
_aMedina Azahara- _xRestos arqueológicos. _99039 |
|
| 852 |
_aES-MaACL _j1761-F-7 |
||
| 999 |
_c110174 _d110174 |
||